000 00226 a2200097 4500
001 54147
100 _aHashmi Shaukat
245 _aSundarbun Ki Holnak Ratain
260 _aLahore
_bFerozsons Ltd
_c1991
090 _c33758
_d33758
942 _aNUST-CAE
_cM
_c26400
999 _c289220
_d289220